Multiple-Choice-Stadtquiz Bottrop - Statistiken

Allgemein
  • Dieses Quiz wurde 745 mal gespielt
  • Das Durchschnittsergebnis liegt bei 5 aus 10
Antwortstatistiken
Frage Antwort % Korrekt
In welchem Bundesland liegt Bottrop? Nordrhein-Westfalen
96%
Welcher Freizeitpark befindet sich in Bottrop? Movie Park
77%
Welches große Wald- und Erholungsgebiet befindet sich im Norden Bottrops? Kirchheller Heide
54%
Welche Autobahn verläuft von Bottrop bis an die Nordsee? A31
53%
Welche über die Grenzen Bottrop hinaus bekannte Freizeiteinrichtung wurde auf einer ehemaligen Bergbauhalde errichtet? Alpincenter
53%
Welches Bauwerk auf der Halde Beckstraße ist ein weithin sichtbares Wahrzeichen Bottrops? Tetraeder
50%
Wie hieß das letzte aktive Steinkohle-Bergwerk im Ruhrgebiet, das 2018 geschlossen wurde? Prosper-Haniel
43%
Mit welcher dieser polnischen Städte unterhält Bottrop seit 2007 eine Städtepartnerschaft? Gleiwitz
39%
Klicke auf das Wappen von Bottrop!
25%
An welche dieser Städte grenzt Bottrop nicht? Gelsenkirchen
22%
Keine übereinstimmenden Quizze gefunden
Verteilung der Resultate
Anzahl Personen mit jedem Resultat
Perzentil nach korrekt beantworteten Fragen
Ihre Resultats-Entwicklung
Sie haben dieses Quiz noch nicht gespielt